| 000 | 00479nam a22001697a 4500 | ||
|---|---|---|---|
| 005 | 20251108172034.0 | ||
| 008 | 250721s1975 xx 000 0 ara d | ||
| 082 | 1 | 4 | _a526.98/حسي |
| 100 | 1 | _aكمال الدين، حسين | |
| 245 | 1 | 0 | _aالمساحة الطبوغرافية / |
| 264 | 1 |
_aالقاهرة : _bدار الفكر العربي، _c1975. |
|
| 300 | _a443ص | ||
| 650 | 1 | 7 | _aالمسح |
| 700 | 1 | _aخليفة، أحمد | |
| 942 |
_2ddc _cBK |
||
| 999 |
_c68886 _d68886 |
||